000 01151nam a2200265 a 4500
001 000003007
005 20260114113658.0
008 090706s2008 dr ac 001 0 spa d
020 _a9789945162233
040 _aDO-SdBNP
_bspa
_cBNPHU
082 _a306.81
_bZ88r
100 1 _aZorrilla, Héctor
_99543
245 1 0 _aRecetas para enriquecer tu matrimonio :
_bcómo mantener las llamas del amor /
_cHéctor Zorrilla, Clemencia Zorrilla.
260 _aSanto Domingo :
_bMisión para Vivir : MIPAV,
_c2008.
300 _a129 p. :
_bil., retr. ;
_c22 cm.
500 _aUna guía para usarse durante las reuniones de los Club de parejas,Ministerio de matrimonios, circulo de matrimonios o pastoral familiar en las iglesias locales
500 _aToda pareja desea disfrutar de su amor. Este libro te enseña como hacero
500 _aIncluye datos biográficos de los autores solapa
504 _aIncluye bibliografía (p. 121 -124 )
650 4 _aMatrimonio
_xAspectos religiosos
_92391
650 0 _aParejas
_9802
650 4 _aConsejeria matrimonial
_91274
650 4 _aOrientación psicológica
_99544
700 1 _aZorrilla, Clemencia
_eaut.
_99545
999 _c2839
_d2839